000 00345cam a22001097a 4500
008 180718b1966 xxu||||| |||| 00| 0 eng d
082 _aL2800x54 In2in
100 _aTariff Commission Review Committee
245 _aInterim Report on Tariff Commission Review Committee
_cby Tariff Commission Review Committee
260 _a
_b
_c1966
300 _a11p.
999 _c500345
_d500345